000 00572nam a2200193Ia 4500
999 _c8705
_d8705
003 OSt
005 20220723131046.0
008 190216s9999||||xx |||||||||||||| ||und||
020 _a9780070141698
040 _coclc
082 _a005.133
_bBAL/P
100 _aBalagurusamy, E
_93962
245 0 _aProgramming With Java /
_cE Balagurusamy
250 _a4th Ed.
260 _bTata Mcgraw Hill Publishing Company Ltd,
_c2011.
_aNew Delhi:
300 _a453p
650 _aCold-Blooded Vertebrates
942 _cBK
_2ddc
_h005.133
_iBAL/P
_k005.133
_mBAL/P